Ciudades de Eurocopa 2020 - Estadísticas

Estadísticas generales
  • Esta prueba ha sido intentada 35 veces
  • La puntuación promedio es 7 de 11
Estadísticas de respuestas
Imagen Respuesta % Correcto
Roma
100%
Londres
87%
Ámsterdam
73%
Sevilla
70%
Budapest
67%
Copenhague
60%
Bucarest
50%
San Petersburgo
50%
Múnich
47%
Bakú
37%
Glasgow
33%
No se encontraron pruebas coincidentes
Distribución de puntuación
Porcentaje de gente con cada puntuación
Porcentaje por número respondido
Historial de tus puntuaciones
No has intentado esta prueba.